000
00259nam a2200097Ia 4500
001
1251155
005
20251031150910.0
008
251031s9999 xx 000 0 und d
245
0
_c
TUĞBA ÇOŞKUNER
_a
I-4 YETERİNCE TEMBEL MİSİN?
260
_b
CEZVE YAYINLARI
999
_c
1251155
_d
1251155